00496 a2200121 4500001001000000005001700010008004100027245016600068100002500234700002600259773007200285999001700357ART_5637920260410161609.0260409a 10aResolución técnica 53. Normas de Auditoría, Revisión, Otros Encargos de Aseguramiento, Certificaciones, Servicios Relacionados e Informes de Cumplimiento1 aOubiña, Gabriel H.1 aFaccendini, Yanina C.0 tProfesional & Empresariag- Año XXIII, Nº 273 (jun. 2022)wREV70 c10488d10488